000 00704nam a2200229Ii 4500
003 JO-AjNU
008 230605s9999||||xx |||||||||||||| ||und||
017 _a1999/8/1479
020 _a9957-07-078-9
040 _aJO-AjNU
_bara
_erda
_cJO-AjNU
041 _aara
050 1 4 _aLB3051.A37 1997
100 3 _aعدس، عبد الرحمن,
_eauthor
_941847
245 0 0 _aدليل المعلم في بناء الإختبارات التحصيلية
250 _aط2
264 3 1 _aعمان:دار الفكر،1999
300 _a152ص
336 _atext
_btxt
_2rdacontent
337 _aunmediated
_bn
_2rdamedia
338 _avolume
_bnc
_2rdacarrier
650 4 _aالإمتحانات-دليل
_941848
999 _aA17875
_c21443
_d21443